Most Spoken Languages in Melbourne - Statistics

General Stats
  • This quiz has been taken 39 times
  • The average score is 7 of 10
Answer Stats
Answer % Correct
Mandarin
89%
Greek
86%
Arabic
83%
Hindi
80%
Italian
80%
Cantonese
71%
Vietnamese
66%
Punjabi
49%
Tagalog
34%
Sinhalese
14%
No matching quizzes found
Score Distribution
Percent of People with Each Score
Percentile by Number Answered
Your Score History
You have not taken this quiz